000 00400nam a22001697a 4500
005 20160616120833.0
008 160616b xxu||||| |||| 00| 0 eng d
020 _a978-81-8495-054-0
041 _aeng
082 _b7962
100 _aGrady, Jason D
_92093
245 _aHow apple Inc. Change the world
260 _bJaico Books
_c2009
300 _a165
650 _aManagement
_9241
942 _cBK
999 _c2931
_d2930